1134 1111 1922 1765 1254 1797 1235 1151 1855 1582 1081 1946 1868 1837 1379 1458 1756 1387 1527 1782 1710 1691 1793 1228 1979 1073 1279 1706 1171 1932 1358 1062 1959 1790 1601 1266 1149 1255 1800 1590 1293 1838 1683 1721 1087 1404 1040 1559 1917 1485 1921 1828 1708 1012 1567 1285 1266 1434 1667 1803 1806 1200 1674 1847 1109 1107 1081 1100 1018 1297 1716 1447 1705 1932 1034 1126 1941 1688 1086 1204 1866 1225 1246 1737 1439 1851 1615 1137 1177 1693 1803 1053 1146 1357 1276 1429 1873 1087 1981 BCNSPRNW ULIB Ver.6.0+V

เปลี่ยนเป็นภาษาไทย

Change to English
 แสดงรายละเอียดบรรณานุกรม
  กลับหน้าหลัก

Brief Record : Get Marc (ISO 2709) : E-mail record : QR code < ปิดหน้าต่าง
LEADER : 00000nam 2200000uu 4500
001    13399109057
003     ULIB
008    110321s2552||||th 000 0 tha d
020    9789744141200
041 1  tha^heng
050  4 HD47.4^bค934ก 2552
100 0  แคปแลนด์, โรเบิร์ต เอส.
245 10 การวิเคราะห์ต้นทุนบนฐานกิจกรรมและเกณฑ์เวลา =^bTime-drivenactivity-based costing /^cRobert S. Kaplan ร่วมกับ Steven R. Anderson ; แปลและเรียบเรียงโดย จักร ติงศภัทิย์
246 31 Time-driven activity-based costing
250    พิมพ์ครั้งที่ 1
260    กรุงเทพฯ :^bเอ็กซเปอร์เน็ท,^c2552
300    452 หน้า :^bภาพประกอบ ;^c24 ซม.
650  7 การวิเคราะห์ต้นทุน
650  7 ต้นทุน
700 1  แอนเดอร์สัน, สตีเฟ่น อาร์
700 0  จักร ติงสภัทิย์,^eผู้แปล
945    ^p380^l0^i029830
945    ^p380^l0^i029829
995    เกษร
999 ^a ใช้งานได้ทุกระบบ
รายการนี้ยังไม่มีแท็ก
คุณยังไม่ได้ล็อกอิน คุณสามารถมีกิจกรรมร่วมกับเว็บไซต์ได้ แต่ต้องล็อกอินก่อน ::
  ล็อกอิน

รายการสื่อสารสนเทศ

ลำดับที่ ประเภท เลขเรียก/บาร์โค้ด สถานที่ สถานะ
1. การศึกษาทั่วไป
การศึกษาทั่วไป
HD47.4 ค934ก 2552 ฉ.2 
  Barcode: 029830
ห้องสมุดวิทยาเขตนครสวรรค์
►หนังสือทั่วไป:l:General Books
บนชั้น

รายการใกล้เคียง
    ผู้แต่ง [แคปแลนด์, โรเบิร์ต เอส.]

    หัวเรื่อง [การวิเคราะห์ต้นทุน]
    หัวเรื่อง [ต้นทุน]

BibComment


ยังไม่เคยถูกคอมเมนท์

คอมเมนท์ทรัพยากรรายการนี้
  คอมเมนท์: การวิเคราะห์ต้นทุ..


 Copyright 2026. Bcnsprnw @Library